Zítřek byl včera /

Hlavní autor: Doležalová, Martina, 1982-
Jazyk: Čeština
Vydáno: V Hradci Králové : Milan Hodek - Paper Jam, 2016
Vydání: Vydání první
Témata:
Fyzický popis: 164 stran ; 20 cm
Knihy
Uloženo v:
LEADER 01142nam a2200361 i 4500
001 nkc20162826670
003 CZ PrNK
005 20160830101003.0
007 ta
008 160812s2016 xr g 000 f cze
015 |a cnb002826670 
020 |a 978-80-87688-54-0  |q (brožováno) 
035 |a (OCoLC)958229701 
040 |a BOA001  |b cze  |e rda 
072 7 |a 821.162.3-3  |x Česká próza  |2 Konspekt  |9 25 
080 |a 821.162.3-31  |2 MRF 
080 |a (0:82-31)  |2 MRF 
100 1 |a Doležalová, Martina,  |d 1982-  |7 xx0147874  |4 aut 
245 1 0 |a Zítřek byl včera /  |c Martina Doležalová 
250 |a Vydání první 
264 1 |a V Hradci Králové :  |b Milan Hodek - Paper Jam,  |c 2016 
300 |a 164 stran ;  |c 20 cm 
336 |a text  |b txt  |2 rdacontent 
337 |a bez média  |b n  |2 rdamedia 
338 |a svazek  |b nc  |2 rdacarrier 
655 7 |a české romány  |7 fd133974  |2 czenas 
655 9 |a Czech fiction  |2 eczenas 
910 2 |a BOA001  |b 1-1373.200 
928 9 |a Paper Jam 
990 |a BK 
995 |a 01 
991 |b 201608  |c NOV 
996 6 |b 2610679477  |c 1-1373.200  |l MZK  |r Sklad / do 1 hodiny  |n 0  |p p.v.  |w 001574816  |u 000010  |a 1  |e BOA001  |j MZK50  |s P